00382nam a2200133Ia 4500003000400000008004100004020002600045040000800071100002600079245008900105260002800194300001500222365001100237LDD181029s9999 xx 000 0 und d a9780826126771c85.00 cLDD aFitzpatrick, Joyce J. 0aNursing concept analysisbapplications to research and praticecJoyce J. Fitzpatrick aNewyorkbSpringerc2016 axiii,311p. b85.00